000
00257nam a22001217a 4500
003
SGT
082
_a
823.92
_b
KNE
100
_a
KNEALE NIGEL
245
_a
SELECTED GHOST STORIES
260
_a
DELHI
_b
LEXICON PUB
_c
2012
300
_a
607
942
_2
ddc
_c
BK
999
_c
34066
_d
34066